Statistics for Bedfordshire Train Stations

Click here to take the quiz!

General Stats

  • This quiz has been taken 42 times
  • The average score is 12 of 17

Answer Stats

OperatorStation% Correct
ThameslinkBedford
93%
ThameslinkLuton
93%
ThameslinkFlitwick
82%
London Northwestern RailwayBedford St Johns
75%
ThameslinkLeagrave
75%
ThameslinkLuton Airport Parkway
75%
ThameslinkHarlington
71%
ThameslinkBiggleswade
68%
ThameslinkArlesey
64%
London Northwestern RailwayMillbrook
64%
London Northwestern RailwayAspley Guise
61%
London Northwestern RailwayKempston Hardwick
61%
ThameslinkSandy
61%
London Northwestern RailwayLidlington
54%
London Northwestern RailwayStewartby
54%
London Northwestern RailwayLeighton Buzzard
50%
London Northwestern RailwayRidgmont
50%

Score Distribution

Percentile by Number Answered

Percent of People with Each Score

Your Score History

You have not taken this quiz